000 00434nam a2200133Ia 4500
008 220217s9999||||xx |||||||||||||| ||und||
020 _a0-07-043622-3
082 _a005.133 LER
100 _aLeroy, Nirva Morriseau Solomon, Martin & Basu, Juliu
_92097
245 0 _aOracle 8i: java component programming with EJB, corba and JS
260 _aTata mcgraw hill
_bNew Delhi
_c2000
300 _b375
650 _aPROGRAMMING LANGUAGE
999 _c168201
_d168201